Up to Date Flags - Sudden Death - Statistics

General Stats
  • This quiz has been taken 580 times
  • The average score is 4 of 12
Answers on the Grid
Answers color-coded by a green-red scale on the quiz's grid according to % correct below.
 
Answer Stats
Answer % Correct
Cyprus
80%
Jamaica
55%
East Timor
54%
Kiribati
44%
Russia
35%
Portugal
32%
Kosovo
30%
Panama
30%
Serbia
25%
Togo
19%
Oman
17%
Paraguay
16%
No matching quizzes found
Score Distribution
Percent of People with Each Score
Percentile by Number Answered
Your Score History
You have not taken this quiz